A PHARMACOLOGY PRIMER THEORY APPLICATIONS AND METHODS (Record no. 802438)

MARC details
000 -LEADER
fixed length control field 00383pam a2200157 a 4500
020 ## - INTERNATIONAL STANDARD BOOK NUMBER
International Standard Book Number 9780123705990
Terms of availability
041 ## - LANGUAGE CODE
Language code of text/sound track or separate title eng
082 ## - DEWEY DECIMAL CLASSIFICATION NUMBER
Classification number 615
Item number KEN
100 ## - MAIN ENTRY--PERSONAL NAME
Personal name KENAKIN T.P.
245 ## - TITLE STATEMENT
Title A PHARMACOLOGY PRIMER THEORY APPLICATIONS AND METHODS
Medium Textual Documents
250 ## - EDITION STATEMENT
Edition statement 2.
260 ## - PUBLICATION, DISTRIBUTION, ETC.
Name of publisher, distributor, etc. ACADEMIC PUB.
Date of publication, distribution, etc. 2006
300 ## - PHYSICAL DESCRIPTION
Extent 299:
Dimensions PB.
650 ## - SUBJECT ADDED ENTRY--TOPICAL TERM
Topical term or geographic name entry element PHARMACOLOGY
930 ## - EQUIVALENCE OR CROSS-REFERENCE-UNIFORM TITLE HEADING [LOCAL, CANADA]
Uniform title 7911
Holdings
Withdrawn status Lost status Damaged status Not for loan Collection Home library Current library Date acquired Source of acquisition Cost, normal purchase price Total Checkouts Full call number Barcode Date due Date last seen Date last checked out Copy number Price effective from Koha item type
          Medical College & Hospital, Sangli Medical College & Hospital, Sangli 07/11/2017 B.M.S.G.B.PUNE 6951.00 1 615 KEN MCS-13826 30/09/2043 05/10/2023 05/10/2023 1 26/07/2023 Book